000 00782nam a2200277Ia 4500
003 OSt
005 20221007125035.0
006 a|||||r|||| 00| 0
007 ta
008 221006b |||||||| |||| 00| 0 eng d
020 _a3540501649 (hbd)
024 _a3718
037 _cTextual
040 _aCDL
_cCDL
_beng
041 _2eng
_aeng
082 _aE5:21, N2
100 _aHalevi E Amitai
_9721407
245 0 _aOrbital symmetry and reaction mechanism: the OCAMS view by E Amitai Halevi
260 _aBerlin
_bSpringer-Verlag
_c1992
300 _axxii,310p
_ccm.
650 _a Chemical reactions
_9716740
650 _a Organic compounds
650 _aChemistry
942 _hE5:21, N2
_cTEXL
_2CC
999 _c1214553
_d1214553